Szczegóły MARC21

Wykłady z makroekonomii : gospodarka kapitalistyczna bez bezrobocia /

003 -Nazwa inst., której nr kontr. jest w polu 001 [,]
    • @
    • Nazwa instytucji, której n kontrolny jest w polu 001
    • NUKAT
005 -DATA I CZAS OSTATNIEJ MODYFIKACJI [,]
    • @
    • pole kontrolne
    • 20241231115841.0
020 -Międzynarod. znormalizowany nr książki - ISBN [ , ]
    • a
    • Numer ISBN
    • 9788365269102 Find
040 -Instytucja sporządzająca opis [ , ]
    • a
    • Instytucja, która sporządziła opis (NP)
    • KR U/ANT
    • c
    • Instytucja, która sporządziła rekord (NP)
    • KR U/ANT
    • d
    • Instytucja, która zmodyfikowała rekord (P)
    • KR U/ANTs
    • d
    • Instytucja, która zmodyfikowała rekord (P)
    • SIEDL 001/AD
    • d
    • Instytucja, która zmodyfikowała rekord (P)
    • KAT 001/KC
    • d
    • Instytucja, która zmodyfikowała rekord (P)
    • KR 048/PK
942 -Rodzaj dokumentu [ , ]
    • c
    • Rodzaj dokumentu
    • Książka
100 -Hasło główne - nazwa osobowa [1, ]
    • a
    • Nazwa osobowa (NP)
    • Łaski, Kazimierz
    • d
    • Daty biograficzne (NP)
    • (1921-2015).
    • 9
    • KHW
    • 478178
245 -Strefa tytułu i oznaczenia odpowiedzialności [1,0]
    • a
    • Tytuł
    • Wykłady z makroekonomii : Find
    • b
    • Ciąg dalszy tytułu (NP)
    • gospodarka kapitalistyczna bez bezrobocia / Find
    • c
    • Pozostałe elementy strefy tytułu i oznaczenia odpowiedzialności (NP)
    • Kazimierz Łaski ; redaktor naukowy Jerzy Osiatyński.
246 -Wariant tytułu [3,0]
    • a
    • Tytuł (NP)
    • Gospodarka kapitalistyczna bez bezrobocia
260 -Strefa adresu wydawniczego [ , ]
    • a
    • Miejsce wydania (P)
    • Warszawa :
    • b
    • Nazwa wydawcy (P)
    • Polskie Towarzystwo Ekonomiczne,
    • c
    • Data wydania (P)
    • 2015.
300 -Strefa opisu fizycznego [ , ]
    • a
    • Określenie formy książki i/lub objętość (NP)
    • 273, [2] s. :
    • b
    • Oznaczenie ilustracji (NP)
    • il. ;
    • c
    • Format (NP)
    • 24 cm.
336 -Typ zawartości [ , ]
    • a
    • Termin opisujący typ zawartości
    • Tekst
    • b
    • Kod określający zawartość
    • txt
    • 2
    • Źródło (terminu i kodu)
    • rdacontent
337 -Typ mediów [ , ]
    • a
    • Tryb odtwarzania
    • Bez urządzenia pośredniczącego
    • b
    • Kod typu mediów
    • n
    • 2
    • Źródło (terminu i kodu)
    • rdamedia
338 -Typ/rodzaj nośnika [ , ]
    • a
    • Hasło opisujące typ nośnika
    • Wolumin
    • b
    • Kod typu nośnika
    • nc
    • 2
    • Źródło (terminu i kodu)
    • rdacarrier
504 -Uwaga dot. bibliogr. załącznikowej [ , ]
    • a
    • Uwaga dot. bibliografii załącznikowej
    • Bibliogr. s. 261-264. Indeksy.
650 -Hasło przedmiotowe [ ,7]
    • a
    • Hasło przedmiotowe
    • Makroekonomia
    • v
    • Określnik formalny
    • podręczniki akademickie.
    • 2
    • Źródło terminu
    • kaba
    • 9
    • KHW
    • 354412
700 -Hasło dodatkowe - nazwa osobowa [1, ]
    • a
    • Nazwa osobowa (NP)
    • Osiatyński, Jerzy Find
    • d
    • Daty biograficzne (NP)
    • (1941-2022).
    • e
    • Określenie rodzaju współpracy
    • Red.
    • 9
    • KHW
    • 17032
710 -Hasło dodatkowe - nazwa ciała zbiorowego [2, ]
    • a
    • Nazwa ciała zbiorowego lub nazwa geograficzna jako pierwszy element (NP)
    • Polskie Towarzystwo Ekonomiczne.
    • 4
    • Kod relacji
    • pbl
    • 9
    • KHW
    • 16777
856 -Dostęp do wersji elektronicznej [4,1]
    • 3
    • Wyszczególnienie materiału
    • Spis treści
920 -ISBN [ , ]
    • a
    • ISBN
    • 978-83-65269-10-2 Find
Sygnatura Numer inwentarzowy Status udost. Data inwentaryzacji Lokalizacja
T.20695T.20695-22019-02-15T
 TM.14815-22019-12-09T